La liberté de l'enseignement / (Record no. 152798)

MARC details
000 -LEADER
campo de control de longitud fija 00615nam a22001695i 4500
001 - NÚMERO DE CONTROL
campo de control 152798
003 - IDENTIFICADOR DE NÚMERO DE CONTROL
campo de control ES-MaACL
005 - FECHA Y HORA DE LA ÚLTIMA TRANSACCIÓN
campo de control 20230906204857.0
008 - DATOS DE LONGITUD FIJA--INFORMACIÓN GENERAL
campo de control de longitud fija 051018s1900 fr | |||||||| ||fre d
040 ## - FUENTE DE CATALOGACIÓN
Centro catalogador/agencia de origen CAM
Lengua de catalogación spa
Centro/agencia transcriptor CAM
100 1# - ENTRADA PRINCIPAL--NOMBRE DE PERSONA
Nombre de persona Brunetière, Ferdinand.
9 (RLIN) 32173
245 13 - MENCIÓN DEL TÍTULO
Título La liberté de l'enseignement /
Mención de responsabilidad, etc. Ferdinand Brunétiere.
260 ## - PUBLICACIÓN, DISTRIBUCIÓN, ETC.
Lugar de publicación, distribución, etc. Paris :
Nombre del editor, distribuidor, etc. Perrin et Cie. libraires-éditeurs,
Fecha de publicación, distribución, etc. 1900 (
Fabricante Imp. A. Quelquejeu)
300 ## - DESCRIPCIÓN FÍSICA
Extensión 16 p. ;
Dimensiones 24 cm.
650 #4 - PUNTO DE ACCESO ADICIONAL DE MATERIA--TÉRMINO DE MATERIA
Término de materia o nombre geográfico como elemento de entrada Libertad de enseñanza.
9 (RLIN) 14404
852 ## - LOCALIZACIÓN
Ubicación ES-MaACL
Número de control de estantería T-1140-F-12
Nota libre -- Enc. hol. conservando la cub. original
-- -- Enc. en un vol. facticio
Holdings
Estatus retirado Estado de pérdida Estado de daño No para préstamo Colección Biblioteca de origen Biblioteca actual Ubicación en estantería Fecha de adquisición Total de préstamos Signatura topográfica completa Código de barras Visto por última vez Precio de reemplazo Tipo de ítem Koha
        Colección de folletos Biblioteca del Ateneo de Madrid Biblioteca del Ateneo de Madrid Depósito folletos 17/01/2008   T-1140-F-12 1159581 23/02/2023 23/02/2023 Folleto